000 00602nam a22002177a 4500
003 UA-OsUOA
001 71229
007 ta
008 20101011b un ||||| |||| 00| 0 ukr d
100 _aМамчур В.А.
090 _a330
_bМ22
942 _cSA
040 _aUA-OsUOA
_bukr
_cUA-OsUOA
_dUA-OsUOA
245 _aІнститути аграрного ринку: теоретичні аспекти
300 _aС.151-157
955 _a0
041 _aukr
080 _a330
773 0 _w71216
_tЕкономіка АПК
_dК.
_d2010
_g10
650 7 _a330 Економіка взагалі
_2UDC
999 _c357470
_d357470